书目信息 |
| 题名: |
烟尘与镜子:空气污染的政治与文化视角
|
|
| 作者: | 迪普伊 编 ;沈国华 译 | |
| 分册: | ||
| 出版信息: | 上海 上海财经大学出版社 2016.11 |
|
| 页数: | 295页 | |
| 开本: | 24cm | |
| 丛书名: | 新视角·世界环境与灾难译丛 | |
| 单 册: | ||
| 中图分类: | X51 | |
| 科图分类: | ||
| 主题词: | 空气污染--研究 | |
| 电子资源: | ||
| ISBN: | 978-7-5642-2482-0 | |
| 000 | 01364oam2 2200289 450 | |
| 001 | 1255 | |
| 005 | 20180927163423.13 | |
| 010 | @a978-7-5642-2482-0@dCNY59.00 | |
| 100 | @a20170215d2016 em y0chiy50 ea | |
| 101 | 1 | @achi@ceng |
| 102 | @aCN@b310000 | |
| 105 | @aak z 000yy | |
| 200 | 1 | @a烟尘与镜子:空气污染的政治与文化视角@Ayan chen yu jing zi:kong qi wu ran de zheng zhi yu wen hua shi jiao@9yan chen yu ying zi@e空气污染的政治与文化视角@f(美)E.梅勒尼·迪普伊(E.Melanie DuPuis)编@g沈国华译 |
| 210 | @a上海@c上海财经大学出版社@d2016.11 | |
| 215 | @a295页@c图@d24cm | |
| 225 | 2 | @a新视角·世界环境与灾难译丛 |
| 312 | @a封面英文题名:Smoke and mirros the politics and culture of air pollution | |
| 330 | @a本书分两个部分。第一部分主要考察公众把污染作为问题的感知以及科学工作者、数量日益增多的地方政府和公众早期着手解决污染问题的方法等问题。第二部分讨论了当前的空气污染问题,并且更加广泛地考察了空气污染监管新政策的问题。 | |
| 461 | 0 | @12001 @a新视角·世界环境与灾难译丛 |
| 510 | 1 | @aSmoke and mirros@ethe politics and culture of air pollution@zeng |
| 517 | 1 | @a空气污染的政治与文化视角@9kong qi wu ran de zheng zhi yu wen hua shi jiao |
| 606 | 0 | @a空气污染@x研究 |
| 690 | @aX51@v5 | |
| 701 | 1 | @c(美)@a迪普伊@9di pu yi@gDuPuis, E.Melanie@4编 |
| 702 | 0 | @a沈国华@9shen guo hua@4译 |
| 801 | 0 | @aCN@b91MARC@c20170215 |
| 905 | @aMuseLib@dX51@e177 | |
| 烟尘与镜子:空气污染的政治与文化视角:空气污染的政治与文化视角/(美)E.梅勒尼·迪普伊(E.Melanie DuPuis)编/沈国华译.-上海:上海财经大学出版社,2016.11 |
| 295页:图;24cm.-(新视角·世界环境与灾难译丛) |
| ISBN 978-7-5642-2482-0:CNY59.00 |
| 本书分两个部分。第一部分主要考察公众把污染作为问题的感知以及科学工作者、数量日益增多的地方政府和公众早期着手解决污染问题的方法等问题。第二部分讨论了当前的空气污染问题,并且更加广泛地考察了空气污染监管新政策的问题。 |
| ● |
| 相关链接 |
|
|
|
|
正题名:烟尘与镜子:空气污染的政治与文化视角
索取号:X51/177
 
预约/预借
| 序号 | 登录号 | 条形码 | 馆藏地/架位号 | 状态 | 备注 |
| 1 | 1121924 | 211219242 | 第二样本阅览室/ [索取号:X51/177] | 在馆 | |
| 2 | 1121925 | 211219251 | 第三借阅区/ [索取号:X51/177] | 在馆 | |
| 3 | 1121926 | 211219260 | 第三借阅区/ [索取号:X51/177] | 在馆 | |
| 4 | 1121927 | 211219279 | 第三借阅区/ [索取号:X51/177] | 在馆 | |
| 5 | 1121928 | 211219288 | 密集书库-生命科学系/ [索取号:X51/177] | 在馆 |